000 00724nam a2200229Ia 4500
003 BUBTL
008 151213s9999 xx 000 0 und d
020 _a9848431071
082 _2১ম সং
_a346.41066 / M396b/ 2008
100 _aমাসউদ, এ. আর .
_95338
245 _aব্যাংক কোম্পানী আইন /
_cএ. আর . মাসউদ
250 _a১ম সং
260 _aঢাকা
_bকামরুল বুক হাউস
_cc2008
300 _a246 p. :
_bill. ;
_c21 cm.
526 _aLaw
650 _aLaw
650 _a
700 _aএ. আর . মাসউদ
_95339
856 _k0
_l0
_yDownload
942 _2ddc
_cBK
999 _c4071
_d4071